00672nam a22001937a 45000010005000000030009000050050017000140080041000310200015000720400038000870820019001251000028001442450145001722600052003173000041003695000020004105050030004306500018004606453BD-DhUAP20200302130304.0200302r11951990enka|||| b||| 001 0 eng d a0415096596 aBD-DhUAPbEngcBD-DhUAPdBD-DhUAP 223a935.01 MAI aMaisels, Charles Keith. aThe emrgence of civilazation : bfrom hunting and gathering to agriculture, cities, and the state in the near east /cCharles Keith Maisels. aLondon : bRoutledge, cc1993 [Reprinted 1995]. a395 pages :billustrations ;c23 cm. aIncludes index. aBibliographies p.337-383. aCivilization.